Histoire de France. T2
Spremljeno u:
| Glavni autor: | |
|---|---|
| Format: | Knjiga |
| Jezik: | Undetermined |
| Izdano: |
Paris
Larousse
1954
|
| Teme: | |
| Oznake: |
Dodaj oznaku
Bez oznaka, Budi prvi tko označuje ovaj zapis!
|
| Thư viện lưu trữ: | Trung tâm Học liệu Trường Đại học Cần Thơ |
|---|
| LEADER | 00467nam a2200181Ia 4500 | ||
|---|---|---|---|
| 001 | CTU_26890 | ||
| 008 | 210402s9999 xx 000 0 und d | ||
| 082 | |a 944 | ||
| 082 | |b R369/T2 | ||
| 100 | |a M Reinhard | ||
| 245 | 0 | |a Histoire de France. T2 | |
| 245 | 0 | |c M Reinhard | |
| 260 | |a Paris | ||
| 260 | |b Larousse | ||
| 260 | |c 1954 | ||
| 650 | |a france - history,history, modern | ||
| 904 | |i Minh, 981021 | ||
| 980 | |a Trung tâm Học liệu Trường Đại học Cần Thơ | ||